000 00417nam a22001697a 4500
003 MPLRDC
005 20220104144119.0
008 210129b ||||| |||| 00| 0 eng d
082 _a528.972 ZRK
100 _a邓梦痕编著
245 _a太极掌集要
_c郑荣光评定
250 _a初版
260 _a
_b强华合记印务公司
_c1960
300 _b
650 _a太极掌
942 _cBK
_o528.972 ZRK
999 _c46496
_d46486